000 01175nam a22003017a 4500
001 5380
003 FISKH
005 20241129124515.0
008 241129b cb ||||| |||| 00| 0 eng d
020 _a9780237518813
040 _aFISKH
_beng
_cFISKH
_dFISKH
082 _a388.0941
100 _aGardner, Faye
245 _aTravelling in Grandma's Day /
_cby Faye Gardner
250 _aFirst published in 1997
260 _aLondon :
_bEvan Brother Ltd ;
_c1997 .
300 _a30 pages :
_bcolor ilustrations ;
_c25 cm .
490 _aIn Grandma's Day
505 _aZ
520 _aEach of the books in this series present 20th-century history for the very young through a personal account of a real life Grandma's experiences in the 1930s, 1940s and 1950s. Each story is a first-person narrative and this text covers travelling in grandma's day.
521 8 _a930
_bLexile
521 8 _aZ
_bRaz-Plus
650 _aTransportation- Great Britain- History
_vJuvenile literature
650 _aGreat Britain- School conditions- 20th ceturey
_vJuvenile literature
700 _aLafford, Stuart
_eillustrator
942 _2ddc
_cBK
_n0
999 _c5380
_d5380